Essentials of pharmacoeconomics / (Record no. 21255)
[ view plain ]
| 000 -LEADER | |
|---|---|
| fixed length control field | 01584cam a22003135a 4500 |
| 001 - CONTROL NUMBER | |
| control field | 17770167 |
| 005 - DATE AND TIME OF LATEST TRANSACTION | |
| control field | 20160526123644.0 |
| 008 - FIXED-LENGTH DATA ELEMENTS--GENERAL INFORMATION | |
| fixed length control field | 130605t2014 paua frbd 001 0 eng d |
| 020 ## - INTERNATIONAL STANDARD BOOK NUMBER | |
| International Standard Book Number | 9781451175936 (paperback) |
| 020 ## - INTERNATIONAL STANDARD BOOK NUMBER | |
| International Standard Book Number | 1451175930 (pbk.) |
| 040 ## - CATALOGING SOURCE | |
| Original cataloging agency | DNLM/DLC |
| Transcribing agency | DLC |
| Modifying agency | DLC |
| -- | EG-ScBUE |
| Language of cataloging | eng |
| 082 04 - DEWEY DECIMAL CLASSIFICATION NUMBER | |
| Classification number | 338.476151 |
| Edition number | 22 |
| Item number | RAS |
| 100 1# - MAIN ENTRY--PERSONAL NAME | |
| Personal name | Rascati, Karen L. |
| 9 (RLIN) | 39446 |
| 245 10 - TITLE STATEMENT | |
| Title | Essentials of pharmacoeconomics / |
| Statement of responsibility, etc | Karen L. Rascati. |
| 246 30 - VARYING FORM OF TITLE | |
| Title proper/short title | Pharmacoeconomics |
| 250 ## - EDITION STATEMENT | |
| Edition statement | 2nd ed. |
| 260 ## - PUBLICATION, DISTRIBUTION, ETC. (IMPRINT) | |
| Place of publication, distribution, etc | Philadelphia : |
| Name of publisher, distributor, etc | Wolters Kluwer Health / Lippincott Williams & Wilkins, |
| Date of publication, distribution, etc | c.2014. |
| 300 ## - PHYSICAL DESCRIPTION | |
| Extent | xvi, 295 p. : |
| Other physical details | ill. ; |
| Dimensions | 26 cm. |
| 500 ## - GENERAL NOTE | |
| General note | Glossary : p. 283-288. |
| 500 ## - GENERAL NOTE | |
| General note | Index : p. 289-295. |
| 504 ## - BIBLIOGRAPHY, ETC. NOTE | |
| Bibliography, etc | Includes bibliographical references. |
| 520 ## - SUMMARY, ETC. | |
| Summary, etc | "This new text is designed for a student or practitioner who is unfamiliar with "pharmacoeconomics." It provides a straightforward explanation of the essential pharmacoeconomics topics outlined by The Accreditation Council for Pharmacy Education (ACPE). It defines terminology used in research and covers the application of economic-based evaluation methods for pharmaceutical products and services. Users will find examples of how pharmacoeconomic evaluations relate to decisions that affect patient care and health-related quality of life"--Provided by publisher. |
| 650 #0 - SUBJECT ADDED ENTRY--TOPICAL TERM | |
| Topical term or geographic name as entry element | Pharmacy |
| General subdivision | Economic aspects. |
| Source of heading or term | BUEsh |
| 650 #0 - SUBJECT ADDED ENTRY--TOPICAL TERM | |
| Topical term or geographic name as entry element | Chemotherapy |
| General subdivision | Economic aspects. |
| Source of heading or term | BUEsh |
| 650 #0 - SUBJECT ADDED ENTRY--TOPICAL TERM | |
| Topical term or geographic name as entry element | Drugs |
| General subdivision | Cost effectiveness. |
| Source of heading or term | BUEsh |
| 651 ## - SUBJECT ADDED ENTRY--GEOGRAPHIC NAME | |
| Source of heading or term | BUEsh |
| 653 ## - INDEX TERM--UNCONTROLLED | |
| Resource For college | Pharmacy |
| Arrived date list | February2016 |
| -- | May2016 |
| 942 ## - ADDED ENTRY ELEMENTS (KOHA) | |
| Source of classification or shelving scheme | Dewey Decimal Classification |
| Withdrawn status | Item status | Source of classification or shelving scheme | Damaged status | Not for loan | Vendor | Home library | Current library | Shelving location | Date acquired | Source of acquisition | Cost, normal purchase price | Serial Enumeration / chronology | Total Checkouts | Total Renewals | Full call number | Barcode | Date last seen | Date last borrowed | Cost, replacement price | Koha item type |
|---|---|---|---|---|---|---|---|---|---|---|---|---|---|---|---|---|---|---|---|---|
| Dewey Decimal Classification | Alahram | Central Library | Central Library | First floor | 25/02/2016 | Purchase | 448.00 | 264 | 1 | 3 | 338.476151 RAS | 000031737 | 15/07/2025 | 28/02/2016 | 560.00 | Book - Borrowing | ||||
| Dewey Decimal Classification | Alahram | Central Library | Central Library | First floor | 26/05/2016 | Purchase | 448.00 | 4 | 1 | 13 | 338.476151 RAS | 000032595 | 15/07/2025 | 17/03/2019 | 560.00 | Book - Borrowing |